000 00851nam a22001815i 4500
001 155961
003 ES-MaACL
005 20230906210252.0
008 990701s1898 sp d |||| | spa d
040 _aGA
_bspa
_cCCPB | 3D
110 2 _aInstituto de Segunda Enseñanza de Segovia.
_9134551
245 1 0 _aMemoria acerca del estado del Instituto de 2ª Enseñanza de Segovia durante el curso de 1896 a 1897
_b: leída en la solemne apertura del curso académico de 1897 a 1898 /
_cpor Eduardo Mateo de Iraola.
260 _aSegovia :
_b[s.n.],
_c1898 (
_fTip. de Segundo Rueda)
300 _aXIV, 43 p. ;
_c23 cm.
610 2 4 _aInstituto de Segunda Enseñanza de Segovia-
_vMemorias.
_9157181
700 1 1 _aIraola, Eduardo Mateo de.
_9128194
852 _aES-MaACL
_jT-869-F-1
_z-- Enc. hol., conservando la cub. original
_z-- Enc. en un vol. facticio
999 _c155961
_d155961